<?xml version="1.0" encoding="UTF-8"?>
<record
    xmlns:xsi="http://www.w3.org/2001/XMLSchema-instance"
    xsi:schemaLocation="http://www.loc.gov/MARC21/slim http://www.loc.gov/standards/marcxml/schema/MARC21slim.xsd"
    xmlns="http://www.loc.gov/MARC21/slim">

  <leader>01946nam0a2200421   4500</leader>
  <controlfield tag="001">RU\NLR\BIBL_A\011453397</controlfield>
  <controlfield tag="005">20241103113118.0</controlfield>
  <datafield tag="010" ind1=" " ind2=" ">
    <subfield code="a">9785988623472</subfield>
    <subfield code="9">300</subfield>
  </datafield>
  <datafield tag="021" ind1=" " ind2=" ">
    <subfield code="a">RU</subfield>
    <subfield code="b">2017-51672</subfield>
    <subfield code="9">3701</subfield>
  </datafield>
  <datafield tag="035" ind1=" " ind2=" ">
    <subfield code="a">(RuMoRGB)008936413</subfield>
  </datafield>
  <datafield tag="035" ind1=" " ind2=" ">
    <subfield code="a">(NLR Aleph) 011453397</subfield>
  </datafield>
  <datafield tag="090" ind1=" " ind2=" ">
    <subfield code="a">11765241</subfield>
    <subfield code="c">11765241</subfield>
  </datafield>
  <datafield tag="100" ind1=" " ind2=" ">
    <subfield code="a">20170811d2017    u  y0rusy50      ca</subfield>
  </datafield>
  <datafield tag="101" ind1="0" ind2=" ">
    <subfield code="a">rus</subfield>
    <subfield code="a">eng</subfield>
  </datafield>
  <datafield tag="102" ind1=" " ind2=" ">
    <subfield code="a">RU</subfield>
  </datafield>
  <datafield tag="105" ind1=" " ind2=" ">
    <subfield code="a">y   e   000z </subfield>
  </datafield>
  <datafield tag="200" ind1="1" ind2=" ">
    <subfield code="a">&#x410;&#x43D;&#x433;&#x43B;&#x43E;-&#x440;&#x443;&#x441;&#x441;&#x43A;&#x438;&#x439; &#x438; &#x440;&#x443;&#x441;&#x441;&#x43A;&#x43E;-&#x430;&#x43D;&#x433;&#x43B;&#x438;&#x439;&#x441;&#x43A;&#x438;&#x439; &#x444;&#x443;&#x442;&#x431;&#x43E;&#x43B;&#x44C;&#x43D;&#x44B;&#x439; &#x441;&#x43B;&#x43E;&#x432;&#x430;&#x440;&#x44C;</subfield>
    <subfield code="d">English-Russian and Russian-English dictionary of football</subfield>
    <subfield code="f">&#x412;. &#x414;. &#x41A;&#x440;&#x430;&#x441;&#x438;&#x43B;&#x44C;&#x43D;&#x438;&#x43A;&#x43E;&#x432;</subfield>
    <subfield code="z">eng</subfield>
  </datafield>
  <datafield tag="210" ind1=" " ind2=" ">
    <subfield code="a">&#x41C;&#x43E;&#x441;&#x43A;&#x432;&#x430;</subfield>
    <subfield code="c">&#x413;&#x440;&#x438;&#x444;&#x43E;&#x43D;</subfield>
    <subfield code="d">2017</subfield>
  </datafield>
  <datafield tag="215" ind1=" " ind2=" ">
    <subfield code="a">303 &#x441;.</subfield>
    <subfield code="d">17</subfield>
  </datafield>
  <datafield tag="300" ind1=" " ind2=" ">
    <subfield code="a">&#x41D;&#x430; &#x43E;&#x431;&#x43B;. &#x430;&#x432;&#x442;. &#x43D;&#x435; &#x443;&#x43A;&#x430;&#x437;&#x430;&#x43D;</subfield>
  </datafield>
  <datafield tag="320" ind1=" " ind2=" ">
    <subfield code="a">&#x411;&#x438;&#x431;&#x43B;&#x438;&#x43E;&#x433;&#x440;.: &#x441;. 303 (16 &#x43D;&#x430;&#x437;&#x432;.)</subfield>
  </datafield>
  <datafield tag="333" ind1=" " ind2=" ">
    <subfield code="a">16+</subfield>
  </datafield>
  <datafield tag="510" ind1="1" ind2=" ">
    <subfield code="6">z20790</subfield>
    <subfield code="a">English-Russian and Russian-English dictionary of football</subfield>
    <subfield code="z">eng</subfield>
  </datafield>
  <datafield tag="606" ind1="1" ind2=" ">
    <subfield code="a">&#x410;&#x43D;&#x433;&#x43B;&#x438;&#x439;&#x441;&#x43A;&#x438;&#x439; &#x44F;&#x437;&#x44B;&#x43A;</subfield>
    <subfield code="x">&#x422;&#x435;&#x440;&#x43C;&#x438;&#x43D;&#x43E;&#x43B;&#x43E;&#x433;&#x438;&#x44F; &#x441;&#x43F;&#x43E;&#x440;&#x442;&#x438;&#x432;&#x43D;&#x430;&#x44F;</subfield>
    <subfield code="x">&#x421;&#x43B;&#x43E;&#x432;&#x430;&#x440;&#x438;</subfield>
    <subfield code="x">&#x420;&#x443;&#x441;&#x441;&#x43A;&#x438;&#x439; &#x44F;&#x437;&#x44B;&#x43A;</subfield>
    <subfield code="9">971495</subfield>
    <subfield code="3">RU\NLR\AUTH\6645594</subfield>
  </datafield>
  <datafield tag="606" ind1="1" ind2=" ">
    <subfield code="a">&#x420;&#x443;&#x441;&#x441;&#x43A;&#x438;&#x439; &#x44F;&#x437;&#x44B;&#x43A;</subfield>
    <subfield code="x">&#x422;&#x435;&#x440;&#x43C;&#x438;&#x43D;&#x43E;&#x43B;&#x43E;&#x433;&#x438;&#x44F; &#x441;&#x43F;&#x43E;&#x440;&#x442;&#x438;&#x432;&#x43D;&#x430;&#x44F;</subfield>
    <subfield code="x">&#x421;&#x43B;&#x43E;&#x432;&#x430;&#x440;&#x438;</subfield>
    <subfield code="x">&#x410;&#x43D;&#x433;&#x43B;&#x438;&#x439;&#x441;&#x43A;&#x438;&#x439; &#x44F;&#x437;&#x44B;&#x43A;</subfield>
    <subfield code="9">2304377</subfield>
    <subfield code="3">RU\NLR\AUTH\661379460</subfield>
  </datafield>
  <datafield tag="606" ind1=" " ind2=" ">
    <subfield code="a">&#x424;&#x443;&#x442;&#x431;&#x43E;&#x43B;</subfield>
    <subfield code="j">&#x422;&#x435;&#x440;&#x43C;&#x438;&#x43D;&#x43E;&#x43B;&#x43E;&#x433;&#x438;&#x447;&#x435;&#x441;&#x43A;&#x438;&#x435; &#x441;&#x43B;&#x43E;&#x432;&#x430;&#x440;&#x438;</subfield>
    <subfield code="9">1419432</subfield>
    <subfield code="3">RU\NLR\AUTH\66287490</subfield>
  </datafield>
  <datafield tag="610" ind1="0" ind2=" ">
    <subfield code="a">&#x444;&#x443;&#x442;&#x431;&#x43E;&#x43B; - &#x434;&#x432;&#x443;&#x44F;&#x437;&#x44B;&#x447;&#x43D;&#x44B;&#x435; &#x441;&#x43B;&#x43E;&#x432;&#x430;&#x440;&#x438;</subfield>
  </datafield>
  <datafield tag="686" ind1=" " ind2=" ">
    <subfield code="a">&#x427;515.78&#x44F;212</subfield>
    <subfield code="2">rubbk</subfield>
  </datafield>
  <datafield tag="686" ind1="1" ind2=" ">
    <subfield code="a">&#x427;515.78&#x44F;212</subfield>
  </datafield>
  <datafield tag="686" ind1="1" ind2=" ">
    <subfield code="a">&#x428;141.12-434</subfield>
  </datafield>
  <datafield tag="686" ind1="1" ind2=" ">
    <subfield code="a">&#x428;143.21-434</subfield>
  </datafield>
  <datafield tag="700" ind1=" " ind2="1">
    <subfield code="7">ca</subfield>
    <subfield code="8">rus</subfield>
    <subfield code="a">&#x41A;&#x440;&#x430;&#x441;&#x438;&#x43B;&#x44C;&#x43D;&#x438;&#x43A;&#x43E;&#x432;</subfield>
    <subfield code="b">&#x412;. &#x414;.</subfield>
    <subfield code="c">&#x444;&#x438;&#x43B;&#x43E;&#x43B;&#x43E;&#x433;</subfield>
    <subfield code="g">&#x412;&#x43B;&#x430;&#x434;&#x438;&#x43C;&#x438;&#x440; &#x414;&#x43C;&#x438;&#x442;&#x440;&#x438;&#x435;&#x432;&#x438;&#x447;</subfield>
    <subfield code="9">177261</subfield>
    <subfield code="3">RU\NLR\AUTH\770177312</subfield>
  </datafield>
  <datafield tag="790" ind1=" " ind2="1">
    <subfield code="7">ba</subfield>
    <subfield code="8">rus</subfield>
    <subfield code="a">Krasil'nikov</subfield>
    <subfield code="b">V. D.</subfield>
    <subfield code="c">&#x444;&#x438;&#x43B;&#x43E;&#x43B;&#x43E;&#x433;</subfield>
    <subfield code="g">Vladimir Dmitrievi&#x10D;</subfield>
    <subfield code="9">177270</subfield>
    <subfield code="3">RU\NLR\AUTH\770177321</subfield>
  </datafield>
  <datafield tag="942" ind1=" " ind2=" ">
    <subfield code="c">BOOK</subfield>
  </datafield>
  <datafield tag="980" ind1=" " ind2=" ">
    <subfield code="a">NBR</subfield>
  </datafield>
</record>
